000 00795nam a2200289Ia 4500
005 20260324133358.0
008 008 260324s9999 xx 000 0 eng d
020 _a9781351281324
037 _aEBOOK
040 _aCRL
040 _beng
040 _cCRL
041 _2eng
041 _aeng
084 _qCRL
100 _aRupesh Shah; David Murphy; Malcolm McIntosh; Sharon Capeling-Alakija
_91192869
245 0 _aSomething to Believe In
245 0 _bCreating Trust and Hope in Organisations: Stories of Transparency, Accountability and Governance
260 _bTaylor and Francis
260 _c2003
365 _a
365 _b99.99
856 _uhttp://www.taylorfrancis.com/books/9781351281324
942 _cEBOOK
999 _c1791844
_d1791844